000 00424nam a2200169Ia 4500
008 221030s9999 xx 000 0 und d
020 _a8178669862
041 _aEnglish
082 _a105.23
_bKai
100 _aH. L. Kaila
245 0 _aOrganisational Dynamics & HR Processes Emerging Trends
260 _bHimalaya Pub House
_aMumbai
_c2004
300 _a106
650 _aManagement
700 _aS. Ravishankar
942 _cBK
999 _c2
_d2